000 00961nam a22003257a 4500
001 BR2010001466
003 BR-BrBNA
005 20230928103231.0
007 ta
008 230509b bl.||||| |||| 00| 0 por d
040 _aBR-BrBNA
_bpor
_cBiblioteca Nacional de Agricultura
041 _a(Por)
072 _aP01
090 _ P01 BR2010001466
100 1 _aBoldrini, I.I.(org.)
110 1 _aMinistério do Meio Ambiente, Brasília, DF (Brasil). Secretaria de Biodiversidade e Florestas
_97131
245 1 _aBiodiversidade dos campos do planalto das araucárias
260 3 _aBrasília, DF (Brasil):
_c2009.
300 _a237 p.
500 _aSeveral bibliography; 139 illus.; 14 tables
650 _aMEIO AMBIENTE
650 _aBIODIVERSIDADE
650 _aFAUNA AQUÁTICA
650 _aFLORA
650 _aPEIXE
650 _aCRUSTÁCEO
650 _aPRESERVAÇÃO DA NATUREZA
909 _a202309
_bLucia
_c55
_dLucia Elande
942 _cBK
999 _c74234
_d74234